| 000 | 00606nam a2200205 i 4500 | ||
|---|---|---|---|
| 001 | bgj | ||
| 100 | 1 | _aBARNHART, Robert K. | |
| 245 | 1 | 0 |
_aHammond Barnhart dictionary of science = _bDictionary of science / _cby Robert K. Barnhart ; Sol Steinmetz. |
| 260 |
_aMaplewood, NJ : _bHammond Inc., _ccop. 1986. |
||
| 300 |
_aXXIV, 740 pp : _bill. ; _c25 cm. |
||
| 650 | 9 | _aScience | |
| 655 | _aDictionaries | ||
| 700 | 1 |
_aSteinmetz, Sol. _emanaging editor |
|
| 020 | _a0843716894 | ||
| 040 | _cBPK | ||
| 041 | 0 | _aeng | |
| 920 | _a0-8437-1689-4 | ||
| 942 | _cKS | ||
| 008 | s uk f |000 0 eng | ||
| 999 |
_c47617 _d47617 |
||
| 856 |
_uhttp://koha.tu.koszalin.pl/cgi-bin/koha/opac-detail.pl?biblionumber=47617 _yKatalog online BPK |
||